|
|
|
|
| LEADER |
01176nam a2200313 4500 |
| 001 |
on1120722640 |
| 003 |
OCoLC |
| 005 |
20200326101204.0 |
| 006 |
m o d |
| 007 |
cr cnu---unuuu |
| 008 |
190923s2019 xx o 000 0 eng d |
| 040 |
|
|
|a OPELS
|b eng
|e rda
|e pn
|c OPELS
|d GrThAP
|
| 020 |
|
|
|a 9780128184547
|q (print)
|
| 035 |
|
|
|a (OCoLC)1120722640
|
| 050 |
|
4 |
|a RC571
|
| 082 |
0 |
4 |
|a 616.85/8842
|2 23
|
| 245 |
0 |
0 |
|a State of the art of research on Down syndrome /
|c edited by Silvia Lanfranchi.
|
| 264 |
|
1 |
|a [Place of publication not identified] :
|b Academic Press,
|c 2019.
|
| 300 |
|
|
|a 1 online resource.
|
| 336 |
|
|
|a text
|b txt
|2 rdacontent
|
| 337 |
|
|
|a computer
|b c
|2 rdamedia
|
| 338 |
|
|
|a online resource
|b cr
|2 rdacarrier
|
| 490 |
1 |
|
|a International review of research in developmental disabilities ;
|v volume 56
|
| 588 |
0 |
|
|a Title details screen.
|
| 650 |
|
0 |
|a Down syndrome
|x Research.
|
| 655 |
|
4 |
|a Electronic books.
|
| 700 |
1 |
|
|a Lanfranchi, Silvia,
|e editor.
|
| 830 |
|
0 |
|a International review of research in developmental disabilities ;
|v v. 56.
|
| 856 |
4 |
0 |
|3 ScienceDirect
|u https://www.sciencedirect.com/science/bookseries/22116095/56
|z Full Text via HEAL-Link
|